[Event "38th TCh-GRE DivA"]
[Site "Peristeri GRE"]
[Date "2010.07.08"]
[Round "4"]
[White "Kourousis,E"]
[Black "Vuilleumier,A"]
[Result "1/2-1/2"]
[WhiteElo "2229"]
[BlackElo "2361"]

1.d4 Nf6 2.c4 e6 3.Nf3 Bb4+ 4.Bd2 c5 5.Bxb4 cxb4 6.a3 Na6 7.g3 b6 8.Bg2 Bb7
9.O-O O-O 10.axb4 Nxb4 11.Nc3 Qb8 12.Qd2 Rc8 13.b3 a5 14.Rfc1 Ne4 15.Nxe4 Bxe4
16.Ne5 Bxg2 17.Kxg2 Qd6 18.e3 f6 19.Nd3 Kf7 20.Qe2 Nxd3 21.Qxd3 g6 22.h4 h5
23.Qe4 Ra7 24.Rd1 Rac7 25.c5 bxc5 26.Rxa5 c4 27.bxc4 Rxc4 28.Rd2 Qc6 29.Qxc6 R4xc6
30.d5 Rc2  1/2-1/2

[Event "ZDMI Open"]
[Site "Dresden GER"]
[Date "2010.07.11"]
[Round "2"]
[White "Farago,I"]
[Black "Lorenz,N"]
[Result "1-0"]
[WhiteElo "2420"]
[BlackElo "1875"]

1.d4 Nf6 2.c4 e6 3.Nf3 Bb4+ 4.Bd2 Bxd2+ 5.Qxd2 O-O 6.g3 d5 7.Bg2 b6 8.Nc3 Bb7
9.Ne5 c6 10.O-O Nbd7 11.Rfd1 Qe7 12.Qg5 h6 13.Qh4 Rfd8 14.e4 Qf8 15.Rac1 Nxe5
16.dxe5 Nxe4 17.Bxe4 dxe4 18.Nxe4 c5 19.Nd6 Bc6 20.Rd3 Rd7 21.f4 Qd8 22.Qxd8+ Raxd8
23.a3 a5 24.Kf2 f5 25.Ke3 Kf8 26.Rcd1 Ke7 27.R1d2 Rb8 28.b4 Rbd8 29.b5 Ba8
30.Nc8+  1-0

[Event "38th TCh-GRE DivA"]
[Site "Peristeri GRE"]
[Date "2010.07.11"]
[Round "7"]
[White "Kourousis,E"]
[Black "Khetsuriani,B"]
[Result "0-1"]
[WhiteElo "2229"]
[BlackElo "2357"]

1.d4 Nf6 2.c4 e6 3.Nf3 Bb4+ 4.Bd2 Bxd2+ 5.Qxd2 O-O 6.g3 b6 7.Bg2 Bb7 8.Nc3 d6
9.O-O Ne4 10.Qd3 Nxc3 11.Qxc3 Nd7 12.Qc2 Nf6 13.Rfe1 Be4 14.Qb3 c5 15.Rad1 Qc7
16.Bh3 h6 17.Qc3 Rfd8 18.Nd2 Bb7 19.e4 cxd4 20.Qxd4 Rac8 21.b4 a5 22.a3 axb4
23.axb4 Ra8 24.Ra1 Rxa1 25.Rxa1 Ra8 26.Rxa8+ Bxa8 27.Bg2 Nd7 28.h3 Ne5 29.Kh2 Bb7
30.Qe3 Ba6 31.Bf1 Bb7 32.Bg2 Kh7 33.Kg1 g5 34.Kh2 g4 35.Qd4 Bc8 36.Kg1 Nc6
37.Qc3 e5 38.hxg4 Bxg4 39.Bf3 Be6 40.Qa3 Nd4 41.Qd3 Qa7 42.Kg2 Qa2 43.b5 Kg7
44.Qc3 Qa4 45.Bh5 Kf6 46.Bf3 Kg6 47.Kh2 Qa2 48.Kg2 h5 49.Bd1 Bg4 50.Bf3 Qa4
51.Kh2 Qa8 52.Bg2 Qa2 53.Bh1 Qa4 54.Bf3 f6 55.Kg2 Qa2 56.Qe3 Qc2 57.Bxg4 hxg4
58.Kf1 Qd1+ 59.Kg2 Nc2  0-1

[Event "MGU-10 Open"]
[Site "Sofia BUL"]
[Date "2010.07.11"]
[Round "4"]
[White "Kostov,N"]
[Black "Tsenov,Tsvetoslav"]
[Result "0-1"]
[WhiteElo "1998"]
[BlackElo "2141"]

1.d4 Nf6 2.c4 e6 3.Nf3 Bb4+ 4.Bd2 Qe7 5.a3 Bxd2+ 6.Nbxd2 Nc6 7.e3 d6 8.Bd3 e5
9.dxe5 dxe5 10.e4 O-O 11.O-O Rd8 12.Bc2 Bg4 13.Qc1 Nh5 14.h3 Nf4 15.Re1 Bh5
16.Bd1 Nd3 17.Qc3 Nxe1 18.Nxe1 Bxd1 19.Rxd1 Nd4 20.Kf1 Qh4 21.Rc1 Qf4 22.Nd3 Qh2
23.f3 Rd6 24.Kf2 Rg6 25.Rg1 Qg3+ 26.Kf1 Rd8 27.Nf2 h5 28.Nb3 Nxb3  0-1

[Event "ch-TUR w"]
[Site "Konya TUR"]
[Date "2010.07.12"]
[Round "5"]
[White "Ozturk,Ku"]
[Black "Sasmazel,B"]
[Result "0-1"]
[WhiteElo "2286"]
[BlackElo "1876"]

1.d4 Nf6 2.Nf3 e6 3.c4 Bb4+ 4.Bd2 Qe7 5.a3 Bxd2+ 6.Qxd2 a5 7.Nc3 d6 8.g3 Nc6
9.Bg2 O-O 10.O-O e5 11.d5 Nb8 12.e4 Na6 13.b4 Bd7 14.Rab1 Rfb8 15.Nh4 c6
16.dxc6 bxc6 17.b5 cxb5 18.cxb5 Nc5 19.Nf5 Bxf5 20.exf5 e4 21.Rfe1 Qd7 22.a4 d5
23.Qd4 Nd3 24.Rf1 Rc8 25.b6 Rab8 26.Ne2 Rc4 27.Qe3 Rxa4 28.Nf4 Ng4 29.Qd2 Nge5
30.g4 Nc4 31.Qc2 Nxf4  0-1

[Event "Open A"]
[Site "Oberwart AUT"]
[Date "2010.07.13"]
[Round "1"]
[White "Pallitsch,C"]
[Black "Fauland,A"]
[Result "0-1"]
[WhiteElo "2051"]
[BlackElo "2406"]

1.d4 Nf6 2.c4 e6 3.Nf3 Bb4+ 4.Bd2 Bxd2+ 5.Nbxd2 d5 6.g3 O-O 7.Bg2 b6 8.O-O Qd6
9.Qc2 Nbd7 10.e4 dxe4 11.Nxe4 Nxe4 12.Qxe4 Rb8 13.Ng5 Nf6 14.Qe3 Rd8 15.Rfd1 c5
16.Qe5 cxd4 17.Qxd6 Rxd6 18.Nf3 d3 19.Ne5 d2 20.Nc6 Rb7 21.Ne5 Rc7 22.Kf1 Ba6
23.b3 b5 24.Ke2 bxc4 25.Nxc4 Rxc4 26.bxc4 Bxc4+ 27.Ke3 Ng4+ 28.Kf4 Be2 29.Rab1 e5+  0-1

[Event "29th Jacques Lemans Open"]
[Site "St Veit SUI"]
[Date "2010.07.15"]
[Round "6"]
[White "Leitner,G"]
[Black "Schmoldt,R"]
[Result "1-0"]
[WhiteElo "2234"]
[BlackElo "2145"]

1.d4 Nf6 2.c4 e6 3.Nf3 Bb4+ 4.Bd2 Qe7 5.g3 Nc6 6.Bg2 Bxd2+ 7.Qxd2 Ne4 8.Qc2 Qb4+
9.Nc3 f5 10.c5 Nxd4 11.Nxd4 Qxd4 12.Nxe4 fxe4 13.Bxe4 Qb4+ 14.Kf1 d5 15.Bxh7 e5
16.h4 e4 17.Bg6+ Ke7 18.Rd1 c6 19.f3 Rf8 20.Kg2 Rf6 21.h5 Be6 22.Rh4 Raf8
23.f4 Qa5 24.a3 b6 25.Rc1 Rb8 26.cxb6 axb6 27.e3 Qa6 28.g4 c5 29.f5 Bd7 30.g5 Rff8
31.Rf4 Qd3 32.Kf2 c4 33.Qc3 Qxc3 34.bxc3 Ra8 35.Ra1 Ba4 36.Rh1 Bb3 37.h6 gxh6
38.Rxh6 Rxa3 39.f6+ Kd6 40.f7 Ra2+ 41.Kg1 Ke7 42.Bh5 Rfa8 43.f8=Q+ Rxf8 44.Rh7+  1-0

[Event "XIV Battle Of Senta"]
[Site "Senta SRB"]
[Date "2010.07.17"]
[Round "1"]
[White "Strebkovs,A"]
[Black "Pregarac,V"]
[Result "1/2-1/2"]
[WhiteElo "2325"]
[BlackElo "2122"]

1.d4 e6 2.Nf3 Nf6 3.c4 Bb4+ 4.Bd2 Qe7 5.a3 Bxd2+ 6.Nbxd2 d5 7.g3 O-O 8.Bg2 Nbd7
9.O-O Rd8 10.Qc2 c5 11.Rfd1 cxd4 12.Nxd4 Nf8 13.cxd5 Nxd5 14.N2b3 e5 15.Nb5 Be6
16.Qc5 Qxc5 17.Nxc5 b6 18.Nxe6 fxe6 19.Bxd5 Rxd5 20.Nc3 Rd7 21.Rxd7 Nxd7
22.Rd1 Nf6 23.Kg2 Kf7 24.Kf3 Ke7 25.h3 Rc8 26.Rd2 Rc4 27.Ke3 a6 28.Kd3 Rd4+
29.Kc2 Rc4 30.Kb3 Rc8 31.Rc2 Rc5 32.f3 h6 33.Rd2 Rc7 34.Kb4 Rd7 35.Rxd7+ Kxd7
36.g4 Kc6 37.Kc4 a5 38.h4 h5 39.b3 g6 40.e4 Nd7 41.Nd1 Nf6 42.Nf2 Nd7 43.Nd3 Kc7
44.Kb5 Kb7 45.b4 axb4 46.Nxb4 Nc5 47.Nc6 Na4 48.Nxe5 Nc3+ 49.Kb4 Ne2 50.a4 Nf4
51.Kb5 Kc7 52.g5 Kd6 53.Nc4+ Ke7 54.Ne3 Kd6 55.Nc4+ Ke7 56.Ne3 Kd6 57.Nc4+ Ke7
58.Ne3  1/2-1/2

[Event "Int ch-SVK OpenA"]
[Site "Banska Stiavnica SVK"]
[Date "2010.07.18"]
[Round "9"]
[White "Kriebel,T"]
[Black "Pecha,T"]
[Result "0-1"]
[WhiteElo "2320"]
[BlackElo "2187"]

1.d4 Nf6 2.c4 e6 3.Nf3 Bb4+ 4.Bd2 c5 5.Bxb4 cxb4 6.g3 O-O 7.Bg2 d6 8.O-O Re8
9.a3 Nc6 10.axb4 Nxb4 11.Nc3 Bd7 12.Ne1 Qc7 13.Qb3 a5 14.Nd3 Nxd3 15.exd3 Bc6
16.Rfc1 e5 17.dxe5 Rxe5 18.d4 Ree8 19.Nd5 Bxd5 20.cxd5 Qd7 21.Rc2 Rec8 22.Rac1 g6
23.Bf1 Rxc2 24.Qxc2 Qg4 25.Qc7 Qxd4 26.Qxd6 Qxb2 27.Rc7 Qxf2+ 28.Kxf2 Ne4+
29.Kf3 Nxd6 30.Rd7 Nf5 31.Rxb7 a4 32.Rb2 a3 33.Ra2 Kg7 34.Ke4 Kf6 35.Kd3 Ke5
36.Bg2 Kd6 37.Bf3 Ra7 38.Kc3 Kc5 39.Bh1 Ne3 40.Kb3 Rb7+ 41.Kc3 Nc4 42.Be4 Nd6
43.Bd3 Ra7 44.Kb3 Kxd5 45.Rd2 Ne4 46.Bc4+ Ke5 47.Rd5+ Kf6 48.Rd1 a2 49.Kb2 a1=Q+
50.Rxa1 Rxa1 51.Kxa1 Nd2 52.Be2 Ke5 53.Kb2 Kd4 54.Kc2 Ke3 55.Kd1 Nf3 56.h4 Kf2
57.g4 Nxh4 58.Bc4 f5 59.gxf5 Nxf5 60.Bf7 g5  0-1

[Event "Sparkassen Open A"]
[Site "Dortmund GER"]
[Date "2010.07.18"]
[Round "2"]
[White "Chilla,J"]
[Black "Sundorf,Jannik"]
[Result "1-0"]
[WhiteElo "2143"]
[BlackElo "2070"]

1.d4 Nf6 2.Nf3 e6 3.c4 Bb4+ 4.Bd2 Qe7 5.g3 Bxd2+ 6.Qxd2 Ne4 7.Qc2 Qb4+ 8.Nbd2 Nxd2
9.Qxd2 Qxd2+ 10.Nxd2 Nc6 11.Nf3 d6 12.Bh3 f5 13.O-O-O Na5 14.b3 O-O 15.Kb2 Bd7
16.e3 b5 17.cxb5 Bxb5 18.Rc1 Bd7 19.Bg2 Rab8 20.Rc3 Rb6 21.Rhc1 Rfb8 22.Ne1 Ba4
23.Rxc7 h6 24.Rc8+ Rxc8 25.Rxc8+ Kh7 26.Rc3 Kg6 27.Kc2 Bc6 28.Bxc6 Nxc6 29.Nd3 Kf6
30.a3 a5 31.Nb2 Ra6 32.Na4 Ne7 33.Kd3 g5 34.Rc2 Nd5 35.f3 f4 36.e4 Ne3 37.Rc7 Nf1
38.g4 h5 39.e5+ Kg6 40.h3 hxg4 41.hxg4 Ne3 42.exd6 Rxd6 43.Rc5 Ra6 44.Nc3 Kh6
45.Re5 Rb6 46.Rb5 Ra6 47.Na4 Nd5 48.Nc5 Nc7 49.Nxa6 Nxb5 50.a4  1-0

[Event "Andorra Open"]
[Site "La Massana AND"]
[Date "2010.07.18"]
[Round "2"]
[White "Zoler,D"]
[Black "Bertrand,Q"]
[Result "1-0"]
[WhiteElo "2474"]
[BlackElo "2124"]

1.d4 Nf6 2.c4 e6 3.Nf3 Bb4+ 4.Bd2 Qe7 5.g3 Nc6 6.Bg2 Bxd2+ 7.Nbxd2 O-O 8.O-O d6
9.e4 e5 10.d5 Nb8 11.Ne1 a5 12.Nd3 Na6 13.f4 c6 14.Qb3 Nd7 15.Qa3 cxd5 16.cxd5 b6
17.Nc4 Nac5 18.fxe5 Nxe5 19.Ndxe5 dxe5 20.Nxb6 Rb8 21.Nxc8 Rfxc8 22.Rac1 Qa7
23.Qe3 Rc7 24.Rc2 g6 25.Rfc1 Nd3 26.Qxa7 Rxa7 27.Rc8+ Rxc8 28.Rxc8+ Kg7 29.Bf1  1-0

[Event "2nd Open"]
[Site "Rethymno GRE"]
[Date "2010.07.18"]
[Round "7"]
[White "Bensdorp,M"]
[Black "Royset,P"]
[Result "1/2-1/2"]
[WhiteElo "2301"]
[BlackElo "2152"]

1.d4 Nf6 2.c4 e6 3.Nf3 Bb4+ 4.Bd2 c5 5.Bxb4 cxb4 6.g3 b6 7.Bg2 Bb7 8.O-O O-O
9.a3 bxa3 10.Rxa3 d6 11.Nc3 a5 12.Re1 Na6 13.e4 Rc8 14.Nd2 e5 15.d5 Nc5 16.Bh3 Rc7
17.Nb5 Re7 18.Qb1 Na6 19.Nf1 Ne8 20.Ne3 Bc8 21.Bf1 g6 22.Qc1 f5 23.exf5 gxf5
24.Ng2 Nf6 25.f4 Ne4 26.Qd1 Nac5 27.Bd3 Nf6 28.Bb1 Nce4 29.fxe5 dxe5 30.d6 Rg7
31.Bxe4 fxe4 32.Ne3 Bh3 33.Qd2 Rgf7 34.Raa1 Qc8 35.Nc7 Ng4 36.Nxg4 Qxg4 37.d7 Rxd7
38.Nd5 Rdf7 39.Ne3 Qf3 40.Qe2 h5 41.Qxf3 exf3 42.Kf2 Be6 43.Red1 Rc8 44.b3 Rc6
45.Rd8+ Kg7 46.Rad1 Rf6 47.Ra8 Kg6 48.Rd2 Kg7  1/2-1/2

[Event "Open A"]
[Site "Oberwart AUT"]
[Date "2010.07.19"]
[Round "7"]
[White "Liedl,W"]
[Black "Kamaryt,T"]
[Result "1-0"]
[WhiteElo "2183"]
[BlackElo "2076"]

1.d4 Nf6 2.c4 e6 3.Nf3 Bb4+ 4.Bd2 Qe7 5.g3 Nc6 6.Nc3 Bxc3 7.Bxc3 Ne4 8.Rc1 Nxc3
9.Rxc3 d6 10.d5 Nd8 11.Bg2 O-O 12.O-O a5 13.Ra3 Ra6 14.Qd2 b6 15.Nd4 e5 16.Nb5 f5
17.f4 e4 18.Qd4 h5 19.h3 g6 20.Kh2 Ra8 21.b4 Ba6 22.bxa5 Bxb5 23.cxb5 bxa5
24.b6 Nb7 25.Rb1 Rfc8 26.g4 h4 27.gxf5 gxf5 28.Rg1 Kh7 29.Bf1 Rg8 30.Rxg8 Rxg8
31.bxc7 Rc8 32.Rc3 Nc5 33.Rxc5 dxc5 34.Qe5 Qxe5 35.fxe5 Rxc7 36.d6 Ra7 37.e6 Kg6
38.d7  1-0

[Event "Open A"]
[Site "Oberwart AUT"]
[Date "2010.07.20"]
[Round "8"]
[White "Shimanov,A"]
[Black "Zelcic,R"]
[Result "1/2-1/2"]
[WhiteElo "2519"]
[BlackElo "2554"]

1.d4 Nf6 2.c4 e6 3.Nf3 Bb4+ 4.Bd2 a5 5.g3 d5 6.Bg2 dxc4 7.Nc3 O-O 8.a3 Bxc3
9.bxc3 Nbd7 10.Qc2 h6 11.O-O Rb8 12.Qa2 b6 13.Qxc4 Bb7 14.Qb3 e5 15.Rfd1 Qe7
16.Qb5 Rfe8 17.Re1 Ne4 18.Qb2 Nxd2 19.Nxd2 Bxg2 20.Kxg2 Qf6 21.e4 exd4 22.cxd4 b5
23.Nf3 c5 24.Qd2 Qb6 25.d5 f6 26.d6 Qc6 27.Qxa5 Qxd6 28.Rad1 Qc6 29.Qc3 Ne5
30.Rd5 Nxf3 31.Qxf3 Qxd5 32.exd5 Rxe1 33.d6 Rd8 34.Qd5+ Kh8 35.Qxc5 Rd1 36.Qxb5 R1xd6
37.Qb7 Rd5 38.Qa7 R5d7 39.Qa6 Rc7 40.h4 Rcc8 41.g4 Ra8 42.Qb5 Rd4 43.f3 Rda4
44.Qd7 R4a7 45.Qe6 Rxa3 46.g5 R3a6 47.Qf7 R6a7 48.Qg6 Ra2+ 49.Kh3 fxg5 50.hxg5 R2a6
51.Qh5 Rf8 52.Kg3 Kh7 53.gxh6 Rg6+ 54.Kf2 Rxh6 55.Qg4 Rhf6 56.Qh4+ Rh6 57.Qg4 Kh8
58.Kg2 Rhf6 59.Qh4+ Kg8 60.Qc4+ R8f7 61.Qc8+ Kh7 62.Qc2+ Kh6 63.Qc1+ Kh7
64.Qc2+ Rf5 65.Kg3 Kh8 66.Qe4 Rf8 67.Kg4 R5f6 68.Kg3 g6 69.Kg2 Rf5 70.Kf2 Kg7
71.Kg2 R8f6 72.Kg3 Rg5+ 73.Kf2 Rh5 74.Kg3 Rhf5 75.Qe3 g5 76.Qe7+ Kh6 77.Qe2 Rf4
78.Qh2+ Kg6 79.Qc2+ R6f5 80.Qc6+ Kh7 81.Qd7+ Kh6 82.Qe6+ Rf6 83.Qe2 Rf7 84.Qh2+ Kg7
85.Qb2+ R7f6 86.Qe2  1/2-1/2

[Event "I Open"]
[Site "Girona ESP"]
[Date "2010.07.21"]
[Round "9"]
[White "Ferrer Roche,M"]
[Black "Campo Echevarria,J"]
[Result "1/2-1/2"]
[WhiteElo "2063"]
[BlackElo "1989"]

1.d4 Nf6 2.Nf3 e6 3.c4 Bb4+ 4.Bd2 Qe7 5.Qb3 a5 6.a3 Bxd2+ 7.Nbxd2 d6 8.e4 e5
9.dxe5 dxe5 10.Bd3 O-O 11.O-O Re8 12.Qc3 c5 13.Bc2 a4 14.Rfe1 Bg4 15.Bd1 Bxf3
16.Bxf3 Nc6 17.g3 Nd4 18.Bg2 Nd7 19.Nf1 g6 20.Ne3 Nb6 21.Nd5 Nxd5 22.cxd5 b5
23.Rac1 Nb3 24.Rc2 Rec8 25.f4 Nd4 26.Rf2 f6 27.fxe5 fxe5 28.Ref1 Rf8 29.Qe3 Rxf2
30.Qxf2 Rf8 31.Qxf8+ Qxf8 32.Rxf8+ Kxf8 33.Bf1 b4 34.Kf2  1/2-1/2

[Event "Corporation Centre Cup"]
[Site "Izhevsk RUS"]
[Date "2010.07.21"]
[Round "7"]
[White "Shurunov,Ar"]
[Black "Faizrakhmanov,R"]
[Result "1/2-1/2"]
[WhiteElo "2149"]
[BlackElo "2026"]

1.d4 Nf6 2.c4 e6 3.Nf3 Bb4+ 4.Bd2 c5 5.Bxb4 cxb4 6.Nbd2 O-O 7.e4 d6 8.Bd3 Qc7
9.O-O e5 10.a3 bxa3 11.b4 Bg4 12.Qb3 a5 13.bxa5 Bxf3 14.Nxf3 Qxa5 15.c5 exd4
16.cxd6 Nbd7 17.Nxd4 Qe5 18.Nf5 Nc5 19.Qb5 Nxd3 20.Qxd3 Qxe4 21.Ne7+ Kh8
22.Rxa3 Qxd3 23.Rxd3 Rfd8 24.f3 g6 25.Rc1 Kg7 26.g4 h6 27.h4 Ne8 28.d7 Nf6
29.g5 hxg5 30.hxg5 Ng8 31.Rc8 Nxe7 32.Rxa8 Rxa8 33.d8=Q Rxd8 34.Rxd8 f6 35.Rd7 Kf7
36.gxf6 Kxf6 37.Rxb7 Nd5 38.Kf2 Nf4 39.Kg3 Ne6 40.Kg4 Nd4 41.Rb6+ Ne6 42.f4 Kf7
43.Kf3 Ng7 44.Ke4 Nh5 45.Ke5 Kg7 46.Rb1 Kf7 47.Rb7+ Kg8 48.Ke4 Ng7 49.Kf3 Kf8
50.Ra7 Ne6 51.Ke3 Ng7 52.Kd4 Nh5 53.Ke4 Ng7 54.Kd5 Nh5 55.Ke5 Kg8 56.Rc7 Kf8
57.Rc2 Kf7 58.Rh2 Nf6 59.Rg2 Nd7+ 60.Kd6 Nf6 61.Rh2 Ne4+ 62.Ke5 Nf6 63.Rd2 Ng4+
64.Ke4 Nf6+ 65.Kf3 Nh5 66.Rd6 Ng7 67.Ra6 Ne6 68.Rb6 Ng7 69.Kg4 Ne6 70.f5 gxf5+
71.Kxf5 Ng7+ 72.Ke5 Nh5 73.Rh6 Ng7 74.Rf6+ Ke7 75.Rf2 Ne6 76.Ra2 Nc7 77.Ra7 Kd7
78.Ra1 Ke7 79.Rc1 Kd7 80.Rc2 Ne6  1/2-1/2

[Event "Andorra Open"]
[Site "La Massana AND"]
[Date "2010.07.21"]
[Round "5"]
[White "Demuth,A"]
[Black "Delchev,A"]
[Result "1/2-1/2"]
[WhiteElo "2394"]
[BlackElo "2632"]

1.d4 Nf6 2.c4 e6 3.Nf3 Bb4+ 4.Bd2 Qe7 5.g3 Nc6 6.Nc3 O-O 7.Bg2 Bxc3 8.Bxc3 Ne4
9.Rc1 d6 10.d5 Nd8 11.O-O e5 12.Nd2 Nxc3 13.Rxc3 f5 14.c5 Nf7 15.Qc2 Bd7
16.cxd6 cxd6 17.Qb3 b6 18.Rfc1 Rfc8 19.Rxc8+ Rxc8 20.Rxc8+ Bxc8 21.Qc4 Qb7
22.e4 f4 23.Bf1 Bd7 24.a4 g5 25.Qc2 a6 26.b4 b5 27.a5 Kg7 28.Be2 Nh6 29.Qc3 Qa7
30.Kg2 Ng8 31.g4 Nf6 32.f3 h5 33.h3 Kf7 34.Bd1 hxg4 35.hxg4 Ke7 36.Be2 Kd8
37.Bd1 Be8 38.Be2 Qc7 39.Qxc7+ Kxc7 40.Nb1 Bd7  1/2-1/2

[Event "Corporation Centre Cup"]
[Site "Izhevsk RUS"]
[Date "2010.07.23"]
[Round "9"]
[White "Zaynutdinov,I"]
[Black "Faizrakhmanov,R"]
[Result "0-1"]
[WhiteElo "1998"]
[BlackElo "2026"]

1.d4 Nf6 2.Nf3 e6 3.c4 Bb4+ 4.Bd2 c5 5.Bxb4 cxb4 6.Nbd2 O-O 7.e4 d6 8.Bd3 Re8
9.O-O e5 10.d5 a5 11.a3 bxa3 12.Rxa3 Na6 13.Be2 Nc5 14.Qc2 Bg4 15.Rfa1 a4
16.Bf1 Rc8 17.Qb1 Qb6 18.Ne1 Bd7 19.Kh1 Qb4 20.Rc3 Rc7 21.Nc2 Qb6 22.f3 Rec8
23.b4 axb3 24.Nxb3 Na4 25.Re3 g6 26.Nd2 Qxb1 27.Rxb1 Be8 28.Reb3 b6 29.Na3 Ra7
30.Ra1 Rca8 31.Nb5 Bxb5 32.Rxb5 Nd7 33.Rb3 Ra5 34.Nb1 Nac5 35.Rba3 Nb3 36.R1a2 Nd4
37.Kg1 Nc5 38.Kf2 Kf8 39.Rxa5 bxa5 40.Na3 Ke7 41.Ke3 Kd7 42.Kd2 Kc7 43.Nb5+ Nxb5
44.cxb5 Kb6 45.Kc3 Rc8 46.Bc4 h5 47.Rc2 Nd7 48.Kb3 Rc7 49.Re2 f5 50.Re1 fxe4
51.fxe4 Nc5+ 52.Kc2 Rf7 53.Rf1 Rxf1 54.Bxf1 g5 55.Be2 h4 56.Bf3 Kxb5 57.Kc3 Nd7
58.Kb3 Nb6 59.Be2+ Kc5 60.Kc3 Nd7 61.g3 hxg3 62.hxg3 Nf6 63.Bd3 Nh5 64.Be2 Nxg3
65.Bf3 a4 66.Kb2 Kd4  0-1

[Event "21st Czech GM Open"]
[Site "Pardubice CZE"]
[Date "2010.07.23"]
[Round "1"]
[White "Schueler,He"]
[Black "Smith,Ax"]
[Result "0-1"]
[WhiteElo "2211"]
[BlackElo "2416"]

1.d4 Nf6 2.Nf3 e6 3.c4 Bb4+ 4.Bd2 c5 5.Bxb4 cxb4 6.g3 O-O 7.Bg2 a5 8.a3 Na6
9.axb4 Nxb4 10.O-O d6 11.Nc3 b6 12.Ne5 dxe5 13.dxe5 Rb8 14.exf6 Qxf6 15.Qc1 Qe5
16.b3 Rd8 17.Qb2 Bd7 18.Rfd1 Be8 19.Rd2 Rxd2 20.Qxd2 Na6 21.Rd1 Nc5 22.f4 Qc7
23.Qc2 Rd8 24.Ne4 Na6 25.Qb1 Bc6 26.Nf2 Be8 27.Ne4 h6 28.Nf2 Kf8 29.Rxd8 Qxd8
30.Qb2 Nc5 31.b4 Na4 32.Qa3 Qd6 33.c5 bxc5 34.bxa5 Qa6 35.Nd3 Qxa5 36.Bf3 Kg8
37.Ne5 Bb5 38.Kg2 Qc3 39.Qa2 Qb2 40.Qxb2 Nxb2 41.Kf2 Kf8 42.Ke1 Ke7 43.Be4 f6
44.Nf3 Nc4 45.Bd3 Nd6 46.Bxb5 Nxb5 47.Kd2 c4 48.Kc2 Kd6 49.Nd2 Kd5 50.e3 c3
51.Nb3 Ke4 52.Nc5+ Kxe3  0-1

[Event "Najdorf Mem Open A"]
[Site "Warsaw POL"]
[Date "2010.07.23"]
[Round "7"]
[White "Bobula,M"]
[Black "Adamski,J"]
[Result "0-1"]
[WhiteElo "2387"]
[BlackElo "2287"]

1.d4 Nf6 2.c4 e6 3.Nf3 Bb4+ 4.Bd2 Bxd2+ 5.Qxd2 O-O 6.Nc3 d6 7.g3 Nc6 8.Bg2 e5
9.O-O Bg4 10.d5 Nb8 11.Ne1 a5 12.Nd3 Qe7 13.e4 Na6 14.f4 Bd7 15.b3 c6 16.c5 Nxc5
17.Nxc5 dxc5 18.d6 Qd8 19.fxe5 Ng4 20.Qf4 g5 21.Qd2 Nxe5 22.Na4 b6 23.Rf2 f6
24.Raf1 h6 25.h4 Rb8 26.hxg5 hxg5 27.Nb2 Kg7 28.Nc4 Nxc4 29.bxc4 Qe8 30.e5 Qxe5
31.Re1 Qd4 32.Re7+ Rf7 33.Qe1 Rf8 34.Re4 Qxd6 35.Rd2 Qc7 36.Bf3 Bf5 37.Re3 Rd8
38.Rxd8 Qxd8 39.Bh5 Bg6 40.Bxg6 Kxg6 41.Re8 Qd4+ 42.Kg2 Qxc4 43.Rg8+ Rg7
44.Qe8+ Qf7 45.Qe4+ Kh6 46.Rd8 Rg8 47.Rd2 Re8 48.Qxc6 Re6 49.Qc8 Qe8 50.Qxe8 Rxe8
51.Rd6 Kg6 52.Rxb6 Re2+ 53.Kf3 Rxa2 54.Rc6 Ra3+ 55.Kf2 Rc3 56.Ra6 Kf5 57.Rxa5 Kg4
58.Ra4+ c4 59.Ra6 f5 60.Ra5 Rf3+ 61.Ke2 Kxg3 62.Rc5 c3  0-1

[Event "TCh-CHN"]
[Site "Shanghai CHN"]
[Date "2010.07.25"]
[Round "8"]
[White "Wang Doudou"]
[Black "Shen Yang"]
[Result "0-1"]
[WhiteElo "2225"]
[BlackElo "2444"]

1.d4 Nf6 2.c4 e6 3.Nf3 Bb4+ 4.Bd2 a5 5.Nc3 b6 6.g3 Bb7 7.Bg2 O-O 8.O-O d6
9.Qc2 Nbd7 10.Rfe1 Re8 11.e4 e5 12.d5 Bxc3 13.Bxc3 Nc5 14.b3 c6 15.dxc6 Bxc6
16.Nh4 g6 17.a4 Qe7 18.Rad1 Nh5 19.f3 Rad8 20.Bd2 Ng7 21.Bh6 Nge6 22.Be3 Qf6
23.Qc3 Nd4 24.Rxd4 exd4 25.Bxd4 Qe6 26.Bh8 f6 27.Bxf6 Rd7 28.Bd4 Rf7 29.Re3 Qe7
30.Qd2 Qg5 31.Bb2 Nd7 32.Qc3 Qe5 33.Qd2 Qc5 34.Qc3 Qe5 35.Qd2 Qc5 36.Qc3 Kf8
37.Bh3 Ke7 38.Kg2 Kd8 39.Qc1 Kc7 40.Ba3 Qe5 41.Bb2 Qg5 42.Qd2 Nc5 43.Qc1 Nxe4
44.fxe4 Rxe4 45.Rxe4 Bxe4+ 46.Kg1 Qc5+  0-1

[Event "TCh-MNE Premier League"]
[Site "Cetinje MNE"]
[Date "2010.07.28"]
[Round "5"]
[White "Markus,Rob"]
[Black "Lajthajm,B"]
[Result "1-0"]
[WhiteElo "2616"]
[BlackElo "2493"]

1.d4 Nf6 2.c4 e6 3.Nf3 Bb4+ 4.Bd2 Qe7 5.g3 O-O 6.Bg2 Bxd2+ 7.Qxd2 d6 8.O-O e5
9.Nc3 c6 10.e4 Bg4 11.Ne1 a6 12.Nc2 b5 13.b3 Qa7 14.cxb5 axb5 15.d5 Qb6 16.Ne3 Qd4
17.Qc2 b4 18.Nxg4 Nxg4 19.Na4 Qa7 20.dxc6 Rc8 21.Qd1 Nf6 22.Qxd6 Nxc6 23.h3 Ne8
24.Qd2 Rd8 25.Qe3 Nd4 26.Rac1 Rac8 27.Kh2 h5 28.Qg5 Nf6 29.Qxe5 h4 30.Qf4 Rxc1
31.Qxc1 hxg3+ 32.fxg3 Ne6 33.Qe1 Qd4 34.Qf2 Ng5 35.Nc5 Rd6 36.Qxd4 Rxd4 37.e5 Nd5
38.h4 Nh7 39.Rf3 Nf8 40.Rd3 Rxd3 41.Nxd3 Nc3 42.Nxb4 Nd7 43.a4 Nxe5 44.a5 Ne2
45.Bf1 Nd4 46.a6 Nd7 47.a7 Nb6 48.Nd5 Na8 49.Ba6 Nxb3 50.Bb7 Nd4 51.Bxa8 Nb5
52.Bc6 Nxa7 53.Bd7 g6 54.g4 Kg7 55.Kg3 Kh6 56.Kf4 f5 57.g5+  1-0

[Event "6th WSCC U17"]
[Site "Kayseri TUR"]
[Date "2010.07.28"]
[Round "7"]
[White "Sipahioglu,I"]
[Black "Atabayev,Y"]
[Result "0-1"]
[WhiteElo "2059"]
[BlackElo "2313"]

1.d4 Nf6 2.c4 e6 3.Nf3 Bb4+ 4.Bd2 Qe7 5.g3 Nc6 6.Bg2 Bxd2+ 7.Nbxd2 d6 8.O-O a5
9.Rc1 O-O 10.e4 e5 11.d5 Nb4 12.a3 Nd3 13.Rc3 Nc5 14.Qc2 a4 15.Ne1 b6 16.f4 Ba6
17.Nd3 Nxd3 18.Rxd3 Nd7 19.Rf2 Nc5 20.Rc3 f6 21.f5 b5 22.Bf1 Rfb8 23.b4 axb3
24.Nxb3 b4 25.axb4 Na4 26.Na5 Nxc3 27.Nc6 Qf7 28.Nxb8 Nxe4 29.Qxe4 Rxb8 30.Ra2 Bc8
31.c5 Qh5 32.g4 Qg5 33.Bd3 g6 34.fxg6 hxg6 35.Qxg6+ Qxg6 36.Bxg6 Rxb4 37.Ra8 Rxg4+
38.Kf2 Kg7 39.Rxc8 Kxg6 40.Rxc7 dxc5 41.Rxc5 Rd4 42.Ke3 Kf5 43.Ra5 Rh4 44.d6 Rh3+
45.Ke2 Rxh2+ 46.Ke3 Rh7  0-1

[Event "21st Czech GM Open"]
[Site "Pardubice CZE"]
[Date "2010.07.29"]
[Round "7"]
[White "Graf,F"]
[Black "Sergienko,S"]
[Result "1/2-1/2"]
[WhiteElo "2320"]
[BlackElo "2412"]

1.d4 Nf6 2.c4 e6 3.Nf3 Bb4+ 4.Bd2 c5 5.Bxb4 cxb4 6.g3 O-O 7.Bg2 d6 8.O-O a5
9.a3 Na6 10.b3 Qe7 11.axb4 Nxb4 12.Qd2 Bd7 13.Nc3 b6 14.Ne1 Rac8 15.e4 e5
16.d5 Ne8 17.Nd3 Nxd3 18.Qxd3 Nc7 19.Qe3 Rb8 20.Na4 Bxa4 21.Rxa4 Na6 22.f4 Rfe8
23.Ra2 Nc5 24.f5 f6 25.Bf3 Qc7 26.Rb1 b5 27.Rba1 bxc4 28.bxc4 Nb3 29.Rb1 Nd4
30.Rc1 Rb3 31.Rc3 Qxc4 32.Rxc4 Rxe3 33.Bh5 Ra8 34.Rxa5 Rb8 35.Rb4 Rc8 36.Rc4 Rb8
37.Rb4 Rc8  1/2-1/2

[Event "TCh-MNE Premier League"]
[Site "Cetinje MNE"]
[Date "2010.07.30"]
[Round "7"]
[White "Markus,Rob"]
[Black "Arsovic,Z"]
[Result "1-0"]
[WhiteElo "2616"]
[BlackElo "2446"]

1.d4 Nf6 2.c4 e6 3.Nf3 Bb4+ 4.Bd2 Qe7 5.g3 Nc6 6.Nc3 Bxc3 7.Bxc3 Ne4 8.Rc1 O-O
9.Bg2 d6 10.d5 Nxc3 11.Rxc3 Nb8 12.dxe6 fxe6 13.Nd4 c6 14.O-O Nd7 15.b4 e5
16.Nc2 Nf6 17.Ne3 Be6 18.b5 cxb5 19.cxb5 Rac8 20.Qd2 Rxc3 21.Qxc3 Rc8 22.Qa3 b6
23.Bc6 Rd8 24.f3 Qf7 25.Qb2 Bxa2 26.Ra1 Be6 27.Qa3 d5 28.Nf1 Bd7 29.Qd6 Qe6
30.Qxe6+ Bxe6 31.Rxa7 Bd7 32.Ne3 Kf8 33.Rb7 Bxc6 34.bxc6 Rc8 35.Rxb6 g6 36.g4 d4
37.Nc4 Nd5 38.Ra6 Nb4 39.Ra7 Nxc6 40.Rxh7 Kg8 41.Rb7 Nd8 42.Rb4 Rc5 43.Nb2 Nc6
44.Rb6 g5 45.Nd3 Rc2 46.Kf2 Kg7 47.Ke1 Rc3 48.Kd1 Kh7 49.Rb5  1-0

[Event "GM"]
[Site "Stara Pazova SRB"]
[Date "2010.08.03"]
[Round "3"]
[White "Ilincic,Z"]
[Black "Bodiroga,P"]
[Result "1/2-1/2"]
[WhiteElo "2455"]
[BlackElo "2406"]

1.d4 Nf6 2.c4 e6 3.Nf3 Bb4+ 4.Bd2 Qe7 5.g3 Nc6 6.Bg2 Bxd2+ 7.Nbxd2 d6 8.O-O e5
9.d5 Nb8 10.e4 a5 11.Ne1 h5 12.Nef3 Na6 13.b3 Nc5 14.Qc2 c6 15.dxc6 bxc6
16.a3 Bg4 17.h3 Bxf3 18.Bxf3 h4 19.g4 O-O 20.Bg2  1/2-1/2

[Event "ch-SLO w"]
[Site "Ljubljana SLO"]
[Date "2010.08.07"]
[Round "1"]
[White "Stevanec,L"]
[Black "Kolaric,S"]
[Result "1/2-1/2"]
[WhiteElo "2129"]
[BlackElo "1996"]

1.d4 Nf6 2.c4 e6 3.Nf3 Bb4+ 4.Bd2 Qe7 5.g3 Nc6 6.Nc3 O-O 7.Bg2 Na5 8.b3 b6
9.O-O Bb7 10.Qc2 Rac8 11.Rfe1 Bxc3 12.Bxc3 Be4 13.Qd2 Nc6 14.Rad1 Rfd8 15.Qf4 d5
16.g4 Qd6 17.Ne5 Bxg2 18.Kxg2 Ne4 19.Qxf7+ Kh8 20.Qh5 Nxe5 21.dxe5 Qf8 22.Bd4 c5
23.f3 g6 24.Qh4 cxd4 25.fxe4 Qf4 26.Rxd4 Qxe5 27.e3 g5 28.Qg3 Qxg3+ 29.Kxg3 dxc4
30.Rc1 cxb3 31.Rxc8 Rxc8 32.axb3 Rc7 33.h4 h6 34.hxg5 hxg5 35.Rd6 Re7 36.e5 Kg7
37.Kf3 Kf7 38.Rc6 Rb7 39.Ke4  1/2-1/2

[Event "49th WJun"]
[Site "Chotowa POL"]
[Date "2010.08.09"]
[Round "6"]
[White "Volodin,Alek"]
[Black "Stupak,K"]
[Result "1/2-1/2"]
[WhiteElo "2422"]
[BlackElo "2504"]

1.d4 e6 2.c4 Nf6 3.Nf3 Bb4+ 4.Bd2 Bxd2+ 5.Qxd2 O-O 6.Nc3 d6 7.g3 Nc6 8.Bg2 e5
9.O-O Bg4 10.e3 Bxf3 11.Bxf3 exd4 12.exd4 Qd7 13.b3 Rae8 14.Rfe1 Nb8 15.Kg2 c6
16.Qf4 d5 17.cxd5 Nxd5 18.Nxd5 cxd5 19.Re5 Rxe5 20.Qxe5 Rd8 21.Re1 Kf8 22.Qh5 h6
23.Re5 Nc6 24.Rxd5 Qe7 25.Rxd8+ Nxd8 26.Qe5 b6 27.Qb8 Qd7 28.d5 Ke7 29.Qe5+ Kf8
30.Bh5 f6 31.Qe4 Nb7 32.Bg4 Nd6 33.Qb4 Qe7 34.Be6 g6 35.h4 h5 36.Qc3 Kg7
37.a4 Qd8 38.Qc6 Kh7 39.Qc2 Kg7 40.f3 Ne8 41.Qc6 Nd6 42.Kh3 Kh6 43.Qc2 Kg7
44.g4 Qe7 45.Qc6 hxg4+ 46.fxg4 Nf7 47.Qc3 Nd8 48.Qe3 Nf7 49.Kg2 Qb4 50.Kh3 Qe7
51.Qe1 Nd8 52.Qe4 Nf7 53.Kg2 Ne5 54.g5 Nd7 55.gxf6+ Nxf6 56.Qd4 Kh7 57.Qe5 Kg7
58.d6 Qb7+ 59.Kg1 Qf3 60.Bc4 Qd1+ 61.Kg2 Qd2+ 62.Kf1 Qd1+ 63.Kg2 Qd2+ 64.Kh3 Qf2
65.Qe7+ Kh6 66.Qf8+ Kh7 67.Qf7+ Kh6 68.Qf8+ Kh7 69.Bg8+ Kh8 70.Bf7+ Kh7 71.Bg8+ Kh8
72.Bd5+ Kh7 73.Qf7+ Kh6 74.Qf8+ Kh7 75.Qe7+ Kh6 76.Qf8+  1/2-1/2